• 首页
  • 本馆介绍
  • 公告通知
  • 最新文献
  • 馆藏检索
  • 电子资源
  • 读者导购
  • 参考咨询
  • 我的图书馆
  • 登录
  • 详细信息显示
  • 放入我的书架
  • 预约/预借图书
  • 作者相关作品
  • 分类相关作品
  • 丛书相关作品
  • 出版社相关作品

书目信息

  • 表格格式
  • 工作单格式
  • 卡片格式
题名:
21世纪大学英语
    
 
作者: 郑树棠 , 张增健 , 翟象俊 主编
分册: 第一册  
出版信息: 上海   复旦大学出版社  1999.07
页数: 288页
开本: 22cm
丛书名:
单 册:
中图分类: H319.9 , H31
科图分类:
主题词: 英语--视听教学
电子资源:
ISBN: 7-309-02200-9
000 00914nam0 2200265 45
001 0112200983
005 20070713083638.32
010    @a7-309-02200-9@dCNY35.00
100    @a20011220d1999 km y0chiy0120 ea
101 0  @achi
102    @aCN@b310000
200 1  @a21世纪大学英语@A21 Shi Ji Da Xue Ying Yu@e教师参考书@h第一册@ETing Shuo Jiao Cheng@f翟象俊,郑树棠,张增健主编@Fzhai xiang jun,zheng shu tang,zhang zeng jian zhu bian
210    @a上海@c复旦大学出版社@d1999.07
215    @a288页@d22cm
300    @a普通高等教育"九五"国家级重点教材
300    @a主编单位复旦大学,上海交通大学
517    @a教师参考书@Ajiao shi can kao shu
606 0  @a英语@x视听教学
690    @aH319.9@v4
690    @aH31@v3
701  0 @a郑树棠@Azheng shu tang@4主编
701  0 @a张增健@Azhang zeng jian@4主编
701    @a翟象俊@Azhai xiang jun@4主编
801    @aCN@bTSTC@c20070713
905    @f5@b301816-820@dH31@e648:2(1)
    
    21世纪大学英语:教师参考书.第一册/翟象俊,郑树棠,张增健主编.-上海:复旦大学出版社,1999.07
    288页;22cm
    普通高等教育"九五"国家级重点教材.-主编单位复旦大学,上海交通大学
    
    ISBN 7-309-02200-9:CNY35.00
    
●
相关链接 在E读中查询图书 在五车中查询图书 在当当中查询图书 在豆瓣中查询图书


正题名:21世纪大学英语     索取号:H31/648:2(1)         预约/预借

序号 登录号 条形码 馆藏地/架位号 状态 备注
1 0760694   207606946   第二样本阅览室/ [索取号:H31/648:2(1)] 在馆    
2 0760695   207606955   密集书库/ [索取号:H31/648:2(1)] 在馆    
3 0760696   207606964   密集书库/ [索取号:H31/648:2(1)] 在馆    
4 0760697   207606973   密集书库/ [索取号:H31/648:2(1)] 在馆    
5 0760698   207606982   密集书库/ [索取号:H31/648:2(1)] 在馆    
6 0760699   207606991   库房3/ [索取号:H31/648:2(1)] 在馆    
7 0760700   207607008   库房3/ [索取号:H31/648:2(1)] 在馆    
8 0760701   207607017   库房3/ [索取号:H31/648:2(1)] 在馆    
9 0760702   207607026   库房3/ [索取号:H31/648:2(1)] 在馆    
10 0760703   207607035   库房3/ [索取号:H31/648:2(1)] 在馆    
11 0760704   207607044   库房3/ [索取号:H31/648:2(1)] 在馆    
12 0760705   207607053   库房3/ [索取号:H31/648:2(1)] 在馆    
13 0760706   207607062   库房3/ [索取号:H31/648:2(1)] 在馆    
14 0760707   207607071   库房3/ [索取号:H31/648:2(1)] 在馆    
15 0760708   207607080   库房3/ [索取号:H31/648:2(1)] 在馆    
16 0760709   207607099   库房3/ [索取号:H31/648:2(1)] 在馆    
17 0760710   207607106   库房3/ [索取号:H31/648:2(1)] 在馆    
18 0760711   207607115   库房3/ [索取号:H31/648:2(1)] 在馆    
19 0760712   207607124   库房3/ [索取号:H31/648:2(1)] 在馆    
20 0760713   207607133   库房3/ [索取号:H31/648:2(1)] 在馆    
21 0760714   207607142   库房3/ [索取号:H31/648:2(1)] 在馆    
22 0760715   207607151   库房3/ [索取号:H31/648:2(1)] 在馆    
23 0760716   207607160   库房3/ [索取号:H31/648:2(1)] 在馆    
24 0760717   207607179   库房3/ [索取号:H31/648:2(1)] 在馆    
25 0760718   207607188   库房3/ [索取号:H31/648:2(1)] 在馆    
26 0760719   207607197   库房3/ [索取号:H31/648:2(1)] 在馆    
27 0760720   207607204   库房3/ [索取号:H31/648:2(1)] 在馆    
28 0760721   207607213   库房3/ [索取号:H31/648:2(1)] 在馆    
29 0760722   207607222   库房3/ [索取号:H31/648:2(1)] 在馆    
30 0760723   207607231   库房3/ [索取号:H31/648:2(1)] 在馆    
31 0760724   207607240   库房3/ [索取号:H31/648:2(1)] 在馆    
32 0760725   207607259   库房3/ [索取号:H31/648:2(1)] 在馆    
33 0760726   207607268   库房3/ [索取号:H31/648:2(1)] 在馆    
34 0760727   207607277   库房3/ [索取号:H31/648:2(1)] 在馆    
35 0760728   207607286   库房3/ [索取号:H31/648:2(1)] 在馆    
36 0760729   207607295   库房3/ [索取号:H31/648:2(1)] 在馆    
37 0760730   207607302   库房3/ [索取号:H31/648:2(1)] 在馆    
38 0760731   207607311   库房3/ [索取号:H31/648:2(1)] 在馆    
39 0760732   207607320   库房3/ [索取号:H31/648:2(1)] 在馆    
40 0760733   207607339   库房3/ [索取号:H31/648:2(1)] 在馆    
41 0760734   207607348   库房3/ [索取号:H31/648:2(1)] 在馆    
42 0760735   207607357   库房3/ [索取号:H31/648:2(1)] 在馆    
43 0760736   207607366   库房3/ [索取号:H31/648:2(1)] 在馆    
44 0760737   207607375   库房3/ [索取号:H31/648:2(1)] 在馆    
45 0760738   207607384   库房3/ [索取号:H31/648:2(1)] 在馆    
46 0760739   207607393   库房3/ [索取号:H31/648:2(1)] 在馆    
47 0760740   207607400   库房3/ [索取号:H31/648:2(1)] 在馆    
48 0760741   207607419   库房3/ [索取号:H31/648:2(1)] 在馆    
49 0760742   207607428   库房3/ [索取号:H31/648:2(1)] 在馆    
50 0760743   207607437   库房3/ [索取号:H31/648:2(1)] 在馆    
51 0769858   207698589   密集书库/ [索取号:H31/648:2(1)] 在馆    
唐山师范学院图书馆 欢迎您!
大连网信软件有限公司© 版权所有